000
00236nmm a2200085Ia 4500
008
220120s9999||||xx |||||||||||||||||und||
100
_a
Chip
245
0
_a
Ubuntu 12.10 internet, red hat, autodesk maya 2013, visual s
260
_a
Infomedia18
999
_c
139819
_d
139819